000 00265nam a22001217a 4500
041 _aENG
100 _aAgareal .O.P
245 _aI.I.T .Guide For Chemistry
260 _aUP
_bModinagar
_c1991
300 _a992
650 _aChemistry (40)
856 _uChemistry (40)
999 _c3009
_d3009